| 000 | 00897nam a22002657a 4500 | ||
|---|---|---|---|
| 001 | BR7400289 | ||
| 003 | BR-BrBNA | ||
| 005 | 20230928084507.0 | ||
| 007 | ta | ||
| 008 | 230509b bl.||||| |||| 00| 0 por d | ||
| 040 |
_aBR-BrBNA _bpor _cBiblioteca Nacional de Agricultura |
||
| 041 | _a(Por) | ||
| 072 |
_aH20 _b2120 _b4120 |
||
| 090 | _ 2120 BR7400289 | ||
| 110 | 1 |
_aGrupo Executivo de Racionalizacao da Cafeicultura, Rio de Janeiro, GB (Brasil) _95495 |
|
| 111 | 1 |
_a1. Reuniao Anual do Grupo Executivo de Racionalizacao da Cafeicultura _cRio de Janeiro, GB (Brazil) _d1971 |
|
| 245 | 1 |
_aRelatorio das pesquisas sobre Hemileia Vastratrix Berk et Br. [Ferrugem; Doenca de planta] _bv. 2 |
|
| 260 | 3 |
_aRio de Janeiro, GB (Brasil): _c1971. |
|
| 300 | _a100 p. | ||
| 650 | _aDoenca de planta | ||
| 650 | _aCafe | ||
| 650 | _aFerrugem | ||
| 909 |
_a202309 _bLucia _c55 _dLucia Elande |
||
| 942 | _cBK | ||
| 999 |
_c19335 _d19335 |
||